000 00415nam a2200181Ia 4500
005 20240913125209.0
008 240913s9999||||xx |||||||||||||| ||und||
041 _aENGLISH
082 _A530.141 P0
100 _aKovetz,Attay
245 0 _aElectromagnetic Theory
250 _a1st
260 _c2000
_bOxford,New York
500 _aREFERENCE
650 _aPhysics
_bPhysics
942 _cREF
999 _c245024
_d245024